[Event "RA Fall op"]
[Site "Ottawa CAN"]
[Date "2022.09.23"]
[Round "1"]
[White "Labib, Daniel"]
[Black "Rusonik, Max"]
[Result "1-0"]
[WhiteElo "2022"]
[BlackElo "2279"]
[PlyCount "61"]
[EventDate "2022.09.23"]
[EventType "swiss"]
[EventRounds "5"]
[EventCountry "CAN"]

1. d4 Nf6 2. Nf3 d5 3. e3 c5 4. c4 e6 5. Nc3 a6 6. a3 cxd4 7. exd4 dxc4 8. Bxc4
b5 9. Ba2 Bb7 10. O-O Be7 11. Bg5 O-O 12. Re1 h6 13. Bh4 Nc6 14. Rc1 Nh5 15.
Bxe7 Nxe7 16. Ne5 Nf4 17. Qg4 Ned5 18. Nxd5 Nxd5 19. Rc5 Qd6 20. Rec1 Rad8 21.
Bxd5 Bxd5 22. Rc7 Bb3 23. Qh5 Qxd4 24. Rxf7 Qd2 25. Rxg7+ Kxg7 26. Rc7+ Kh8 27.
Ng6+ Kg8 28. Ne7+ Kh8 29. Qe5+ Kh7 30. Nd5+ Kg6 31. Rg7# 1-0

[Event "RA Fall op"]
[Site "Ottawa CAN"]
[Date "2022.09.23"]
[Round "1"]
[White "Liang, Jason"]
[Black "Kellar, Ben"]
[Result "1-0"]
[WhiteElo "2515"]
[BlackElo "2040"]
[PlyCount "77"]
[EventDate "2022.09.23"]
[EventType "swiss"]
[EventRounds "5"]
[EventCountry "CAN"]

1. e4 c5 2. Nf3 g6 3. c3 Bg7 4. d4 cxd4 5. cxd4 d5 6. e5 Bg4 7. Bb5+ Bd7 8. Be2
Bg4 9. Nbd2 Qb6 10. h3 Bxf3 11. Nxf3 Nc6 12. O-O e6 13. b3 Nge7 14. Ba3 O-O 15.
Bc5 Qc7 16. b4 a6 17. a4 Rfc8 18. b5 Na5 19. bxa6 bxa6 20. Rb1 Nb7 21. Ba3 Nc6
22. h4 Nca5 23. h5 Nc4 24. Bc1 Nba5 25. Nh2 Rab8 26. Rxb8 Rxb8 27. Ng4 Qe7 28.
Bf4 Rb2 29. h6 Bf8 30. Nf6+ Kh8 31. Bg5 Qb4 32. Bxc4 Nxc4 33. Nd7 Nb6 34. Qf3
Nxd7 35. Qxf7 Rb1 36. Rxb1 Qxb1+ 37. Kh2 Qb4 38. Qxd7 Qxd4 39. Bf6+ 1-0

[Event "RA Fall op"]
[Site "Ottawa CAN"]
[Date "2022.09.23"]
[Round "1"]
[White "Rodrigue-Lemieux, Shawn"]
[Black "Wiebe, Isaac"]
[Result "1-0"]
[WhiteElo "2543"]
[BlackElo "2117"]
[PlyCount "109"]
[EventDate "2022.09.23"]
[EventType "swiss"]
[EventRounds "5"]
[EventCountry "CAN"]

1. a3 d5 2. Nf3 Nf6 3. d4 Bf5 4. c4 e6 5. Qb3 Qc8 6. Nc3 c6 7. Nh4 Bg6 8. g3
Nbd7 9. Bg2 Be7 10. O-O O-O 11. Nxg6 hxg6 12. Bg5 Nb6 13. c5 Nbd7 14. Rad1 Re8
15. Qc2 e5 16. e3 Qc7 17. b4 Nf8 18. dxe5 Qxe5 19. Bf4 Qh5 20. f3 g5 21. g4 Qh6
22. Bg3 Qg6 23. Qd2 a5 24. Ne2 axb4 25. axb4 Ne6 26. Ra1 Nd7 27. h3 Qf6 28.
Rxa8 Rxa8 29. e4 d4 30. f4 gxf4 31. Nxf4 Nxf4 32. Bxf4 Ne5 33. Bg3 Nc4 34. Qd3
Qe6 35. Qxd4 Bf6 36. Qf2 Ra3 37. Rd1 Rb3 38. e5 Bg5 39. Bf4 Be7 40. Be4 g6 41.
Rb1 Rxh3 42. Qg2 Rh4 43. Bf5 Qd5 44. Qxd5 cxd5 45. Bc8 b6 46. c6 Bd8 47. Rd1
Bc7 48. Rxd5 f5 49. exf6 Bxf4 50. Be6+ Kh7 51. Rd7+ Kh6 52. f7 Kg7 53. Rd8 Bd6
54. c7 Bh2+ 55. Kf2 1-0

[Event "RA Fall op"]
[Site "Ottawa CAN"]
[Date "2022.09.23"]
[Round "1"]
[White "Stopic, Alexander"]
[Black "Cortes Orihuela, Javier"]
[Result "0-1"]
[WhiteElo "1938"]
[BlackElo "2253"]
[PlyCount "122"]
[EventDate "2022.09.23"]
[EventType "swiss"]
[EventRounds "5"]
[EventCountry "CAN"]

1. c4 Nf6 2. Nc3 d5 3. d4 g6 4. Nf3 Bg7 5. Bf4 c6 6. e3 O-O 7. Bd3 dxc4 8. Bxc4
Nbd7 9. O-O Nb6 10. Bb3 Nfd5 11. Be5 Nxc3 12. bxc3 Bg4 13. Bxg7 Kxg7 14. h3
Bxf3 15. Qxf3 Qc7 16. Rfd1 e5 17. Qg3 Rfe8 18. Rac1 c5 19. c4 Re7 20. d5 Nc8
21. e4 Nd6 22. Qe3 f5 23. f3 Rf8 24. Rf1 Ref7 25. Rce1 fxe4 26. fxe4 Rf4 27.
Qd3 Qf7 28. Rxf4 Qxf4 29. Qe3 Qxe3+ 30. Rxe3 Rf4 31. Bc2 Nxc4 32. Rc3 Nd2 33.
Rxc5 Rf1+ 34. Kh2 Rc1 35. d6 Kf6 36. d7 Nf1+ 37. Kg1 Ke7 38. Rxe5+ Kxd7 39. Bb3
Nd2+ 40. Kf2 Nxb3 41. axb3 Rc2+ 42. Kf1 Rb2 43. Rb5 Kc6 44. Rb4 a5 45. Rc4+ Kd6
46. Rc3 b5 47. e5+ Kd5 48. Re3 Ke6 49. Rc3 b4 50. Rc5 Rxb3 51. Rxa5 Rc3 52. Rb5
b3 53. Kg1 h5 54. Kh2 g5 55. Kg1 g4 56. hxg4 hxg4 57. Kh2 Kf5 58. Rb4 g3+ 59.
Kh3 Kxe5 60. Kg4 Kd5 61. Kf4 Kc5 0-1

[Event "RA Fall op"]
[Site "Ottawa CAN"]
[Date "2022.09.23"]
[Round "1"]
[White "Van Rooy, Jake"]
[Black "Qin, Joey"]
[Result "1-0"]
[WhiteElo "2038"]
[BlackElo "2492"]
[PlyCount "135"]
[EventDate "2022.09.23"]
[EventType "swiss"]
[EventRounds "5"]
[EventCountry "CAN"]

1. e4 c5 2. Nf3 d6 3. g3 Nf6 4. c3 Nc6 5. d3 g6 6. Bg2 Bg7 7. O-O O-O 8. h3 Rb8
9. Be3 b5 10. Qd2 e5 11. Na3 b4 12. Nc4 Ba6 13. Bg5 bxc3 14. bxc3 Bxc4 15. Bxf6
Bxf6 16. dxc4 Be7 17. Rfb1 Qa5 18. Bf1 Qa4 19. Ne1 Na5 20. Qc2 Qd7 21. Rb5 Rxb5
22. cxb5 f5 23. c4 Nb7 24. Qd3 Nd8 25. Rd1 Ne6 26. Qd5 Qc8 27. a4 fxe4 28. h4
Kg7 29. Bh3 Nf4 30. Bxc8 Nxd5 31. Rxd5 Rxc8 32. Ng2 a6 33. a5 axb5 34. cxb5 Rb8
35. b6 Kf7 36. Ne3 Ke6 37. Rd1 Bd8 38. Kg2 Bxb6 39. axb6 Rxb6 40. Nd5 Rb3 41.
Ne3 Rd3 42. Ra1 h5 43. Kf1 Rb3 44. Ra2 Rb4 45. Ra8 Rb6 46. Kg2 Rc6 47. Kf1 c4
48. Ke2 c3 49. Kd1 Rb6 50. Kc1 Rb2 51. Nd1 Re2 52. Rc8 d5 53. Rxc3 d4 54. Rc2
Rxc2+ 55. Kxc2 Kf5 56. Kd2 Kg4 57. Ke2 Kh3 58. Nb2 e3 59. Nd3 exf2 60. Kxf2 e4
61. Nf4+ Kg4 62. Nxg6 e3+ 63. Kg2 Kf5 64. Nf4 Kg4 65. Nd3 e2 66. Ne1 Kf5 67.
Kf3 Ke5 68. Nd3+ 1-0

[Event "RA Fall op"]
[Site "Ottawa CAN"]
[Date "2022.09.23"]
[Round "1"]
[White "Wang, Derek"]
[Black "Sambuev, Bator"]
[Result "1/2-1/2"]
[WhiteElo "2067"]
[BlackElo "2524"]
[PlyCount "287"]
[EventDate "2022.09.23"]
[EventType "swiss"]
[EventRounds "5"]
[EventCountry "CAN"]

1. Nf3 d5 2. c4 d4 3. b4 g5 4. h3 Bg7 5. Bb2 e5 6. d3 a5 7. a3 axb4 8. axb4
Rxa1 9. Bxa1 Na6 10. b5 Nc5 11. Nbd2 h5 12. Nb3 Nxb3 13. Qxb3 g4 14. hxg4 hxg4
15. Rxh8 Bxh8 16. Nd2 g3 17. Ne4 gxf2+ 18. Nxf2 Qh4 19. b6 Nh6 20. Qa4+ Kd8 21.
bxc7+ Kxc7 22. Qa5+ Kd7 23. g3 Qd8 24. Bh3+ f5 25. Qd5+ Ke7 26. Qxd8+ Kxd8 27.
Bb2 Kc7 28. Bc1 Nf7 29. Bg2 Bf6 30. Bf3 Ng5 31. Bxg5 Bxg5 32. g4 Bh4 33. gxf5
Bxf5 34. Kf1 Kb6 35. Ne4 Be7 36. Ng3 Bh3+ 37. Bg2 Bc8 38. Be4 Bh3+ 39. Bg2 Bd7
40. Be4 Ka6 41. Bf5 Ba4 42. Be4 b6 43. Bf3 Ka5 44. Ne4 Kb4 45. Ke1 Kb3 46. Kd2
Kb2 47. Ke1 Kc1 48. Kf1 Bf8 49. Bg4 Kd1 50. Bh3 Bh6 51. Bg4 Be8 52. Nd6 Bc6 53.
Nc8 b5 54. cxb5 Bxb5 55. Nd6 Bc6 56. Nf5 Be3 57. Nh4 Bg5 58. Nf3 Bf6 59. Kf2
Bb5 60. Kf1 e4 61. Nxd4 Bxd4 62. dxe4 Kd2 63. Kg2 Ke3 64. Bf3 Be5 65. Bh5 Bd7
66. Bf3 Kf4 67. Bh5 Bf6 68. Bf3 Bh4 69. Bh5 Be1 70. Bf3 Bc3 71. Bh5 Bd2 72. Bf3
Be3 73. Bh5 Kg5 74. Bf3 Kh4 75. Kf1 Kg5 76. Ke1 Kf4 77. e5 Kxe5 78. Bb7 Bh3 79.
Bf3 Kd4 80. Bb7 Bg5 81. Kf2 Bh4+ 82. Kf3 Ke5 83. Ke3 Bg4 84. Bf3 Bg5+ 85. Kd3
Bf5+ 86. Kc3 Be3 87. Bb7 Bd7 88. Ba6 Bc6 89. Bd3 Bb6 90. Kb3 Kd4 91. Bc4 Bc5
92. Bd3 Bd5+ 93. Kc2 Bb4 94. Ba6 Bc6 95. Kb3 Ba5 96. Bd3 Bd5+ 97. Kb2 Kc5 98.
Ba6 Kb4 99. Kc2 Bb3+ 100. Kd3 Kc5 101. Ke4 Bd5+ 102. Kf5 Kd4 103. Bd3 Bc7 104.
Bb5 Bb7 105. Bd3 Bc8+ 106. Kg5 Ke5 107. Bb1 Bd8+ 108. Kg6 Bd7 109. Ba2 Be8+
110. Bf7 Bb5 111. e4 Kxe4 112. Be6 Ke5 113. Bb3 Bd3+ 114. Kf7 Bf5 115. Bc4 Bg4
116. Kg6 Kf4 117. Bd3 Bd7 118. Bc4 Bf5+ 119. Kf7 Kg5 120. Ba2 Bf6 121. Bd5 Bg6+
122. Ke6 Bh7 123. Kd6 Kf5 124. Be6+ Ke4 125. Bd5+ Kd4 126. Bf7 Be5+ 127. Ke6
Bd3 128. Bh5 Bf4 129. Bg4 Ba6 130. Kf6 Bc4 131. Be6 Be5+ 132. Ke7 Bf1 133. Ba2
Bg3 134. Be6 Ke5 135. Ba2 Be2 136. Bb3 Bh4+ 137. Kd7 Bb5+ 138. Kc7 Be7 139. Kb6
Be8 140. Kc7 Kd4 141. Be6 Kc5 142. Bd7 Bf7 143. Ba4 Bc4 144. Bc6 1/2-1/2

[Event "RA Fall op"]
[Site "Ottawa CAN"]
[Date "2022.09.23"]
[Round "2"]
[White "Adam, Rafael"]
[Black "Gordon, David"]
[Result "1-0"]
[WhiteElo "2138"]
[BlackElo "2263"]
[PlyCount "65"]
[EventDate "2022.09.23"]
[EventType "swiss"]
[EventRounds "5"]
[EventCountry "CAN"]

1. d4 c5 2. d5 Nf6 3. c4 e6 4. Nc3 exd5 5. cxd5 d6 6. e4 g6 7. Nf3 Bg7 8. h3
O-O 9. Bd3 b5 10. Bxb5 Nxe4 11. Nxe4 Qa5+ 12. Nfd2 Qxb5 13. Nxd6 Qa6 14. N2c4
Rd8 15. Bf4 Nd7 16. Qf3 Bb7 17. Rd1 Nb6 18. Nxb7 Re8+ 19. Ne3 Bxb2 20. Qe2 Bc3+
21. Kf1 Qxb7 22. d6 Bd4 23. Qf3 Qa6+ 24. Qe2 Qa4 25. Qc2 Qb5+ 26. Qd3 a6 27.
Kg1 Rad8 28. Kh2 Be5 29. Bxe5 Rxe5 30. Qc3 Nd7 31. Ng4 c4 32. Rhe1 Rc8 33. f4
1-0

[Event "RA Fall op"]
[Site "Ottawa CAN"]
[Date "2022.09.23"]
[Round "2"]
[White "Balasooriya, Randika"]
[Black "Han, Johnathan"]
[Result "0-1"]
[WhiteElo "1847"]
[BlackElo "2243"]
[PlyCount "72"]
[EventDate "2022.09.23"]
[EventType "swiss"]
[EventRounds "5"]
[EventCountry "CAN"]

1. e4 c5 2. Nf3 d6 3. c3 Nf6 4. Be2 Nbd7 5. Qc2 Qc7 6. Na3 a6 7. O-O g6 8. Re1
Bg7 9. Bf1 O-O 10. d4 e5 11. dxe5 dxe5 12. Bg5 b5 13. b3 Bb7 14. Rad1 h6 15.
Bc1 Rad8 16. Bxb5 axb5 17. Nxb5 Qb8 18. c4 Nh5 19. Nc3 Nf4 20. Nd5 Ne6 21. Bd2
Rfe8 22. Ba5 Rc8 23. Re3 Nd4 24. Nxd4 cxd4 25. Rh3 Bxd5 26. exd5 e4 27. Bd2 h5
28. Qc1 Qe5 29. Bf4 Qf5 30. Bh6 Bf6 31. f4 e3 32. Re1 d3 33. Rexe3 Bd4 34. Kh1
Rxe3 35. Rxe3 Bxe3 36. Qxe3 Nf6 0-1

[Event "RA Fall op"]
[Site "Ottawa CAN"]
[Date "2022.09.24"]
[Round "2"]
[White "Cortes Orihuela, Javier"]
[Black "Van Rooy, Jake"]
[Result "1-0"]
[WhiteElo "2253"]
[BlackElo "2038"]
[PlyCount "83"]
[EventDate "2022.09.23"]
[EventType "swiss"]
[EventRounds "5"]
[EventCountry "CAN"]

1. d4 Nf6 2. c4 g6 3. Nc3 Bg7 4. e4 d6 5. Nf3 O-O 6. h3 c5 7. d5 b5 8. cxb5 a6
9. a4 axb5 10. Bxb5 Ba6 11. Nd2 Ne8 12. Bxa6 Rxa6 13. Nc4 Nd7 14. Qc2 Nc7 15.
O-O Qa8 16. Bg5 f6 17. Bh4 Rb8 18. b3 Rb7 19. Rab1 Nb6 20. Na3 Nc8 21. f4 Qb8
22. Nc4 Nb6 23. Nd2 Nd7 24. Nd1 Nb6 25. Ne3 Raa7 26. Nec4 Nxc4 27. Nxc4 Qe8 28.
Rbe1 Qb8 29. Rf3 Na6 30. Bg3 Nb4 31. Qd2 Bh6 32. Re2 Qf8 33. Qd1 g5 34. fxg5
Bxg5 35. Bf4 Bxf4 36. Rxf4 Qh6 37. Rg4+ Kh8 38. Ne3 Ra8 39. Nf5 Qh5 40. Re3 Qf7
41. Reg3 Rbb8 42. Rg7 1-0

[Event "RA Fall op"]
[Site "Ottawa CAN"]
[Date "2022.09.24"]
[Round "2"]
[White "Latorre, Vincent"]
[Black "Liang, Jason"]
[Result "0-1"]
[WhiteElo "2153"]
[BlackElo "2515"]
[PlyCount "202"]
[EventDate "2022.09.23"]
[EventType "swiss"]
[EventRounds "5"]
[EventCountry "CAN"]

1. e4 c6 2. d4 d5 3. exd5 cxd5 4. Bd3 Nf6 5. c3 Bg4 6. Qb3 Qc7 7. Ne2 Bxe2 8.
Bxe2 e6 9. Nd2 Nc6 10. O-O Bd6 11. Nf3 O-O 12. Bd3 Rae8 13. h3 Nh5 14. Re1 Nf4
15. Bf1 f6 16. Bd2 Na5 17. Qc2 Qf7 18. b3 Rc8 19. c4 Nc6 20. c5 Bb8 21. b4 Ng6
22. b5 Nce7 23. Bc3 Rfe8 24. a4 Nf8 25. a5 Neg6 26. Qb2 Nd7 27. h4 h6 28. a6 b6
29. c6 Ndf8 30. g3 f5 31. Ne5 Nxe5 32. dxe5 g5 33. hxg5 hxg5 34. f3 Ng6 35. Bd3
Bc7 36. Kg2 Kg7 37. Bd4 Rh8 38. Rh1 Rcg8 39. Rxh8 Rxh8 40. Rh1 Rxh1 41. Kxh1
Kg8 42. Qc1 Qe7 43. Qe3 Kg7 44. Qe1 Kf7 45. Kg2 Qa3 46. Qe3 Kg7 47. Qe2 Qb4 48.
Ba1 Qc5 49. Qc2 Qe3 50. Qe2 Qxe2+ 51. Bxe2 Kf8 52. Bc3 Nxe5 53. Bd2 Nf7 54. Bd3
Ke7 55. g4 f4 56. Kf2 e5 57. Ke2 Kf6 58. Bb4 Nd6 59. Bxd6 Bxd6 60. Bc2 Bc7 61.
Kd3 Ke6 62. Kc3 Kd6 63. Kb4 Bd8 64. Bd3 e4 65. fxe4 dxe4 66. Bxe4 Ke5 67. c7
Bxc7 68. Bb7 Kd4 69. Bc6 Bd6+ 70. Kb3 Bc5 71. Bb7 Kd3 72. Bc6 Ke2 73. Kc4 f3
74. Be4 Ke3 75. Kd5 Kf4 76. Bxf3 Kxf3 77. Kc6 Kxg4 78. Kb7 Kf4 79. Kxa7 g4 80.
Kb7 g3 81. a7 g2 82. a8=Q g1=Q 83. Qb8+ Ke4 84. Qe8+ Kd3 85. Qe6 Qg2+ 86. Ka7
Kc3 87. Qc6 Qa2+ 88. Kb7 Kb4 89. Qe8 Qa5 90. Qe4+ Kxb5 91. Qb1+ Kc4 92. Qe4+
Bd4 93. Qc2+ Qc3 94. Qa4+ Kc5 95. Qc6+ Kb4 96. Qe4 b5 97. Qb1+ Qb3 98. Qe1+ Ka3
99. Qe2 b4 100. Qe4 Qc4 101. Qf3+ b3 0-1

[Event "RA Fall op"]
[Site "Ottawa CAN"]
[Date "2022.09.24"]
[Round "2"]
[White "Sambuev, Bator"]
[Black "Batorshyn, Ilia"]
[Result "1-0"]
[WhiteElo "2524"]
[BlackElo "2089"]
[PlyCount "175"]
[EventDate "2022.09.23"]
[EventType "swiss"]
[EventRounds "5"]
[EventCountry "CAN"]

1. d4 Nf6 2. c4 e6 3. Nc3 Bb4 4. e3 O-O 5. Bd3 d5 6. Nf3 b6 7. O-O Nbd7 8. cxd5
exd5 9. Qb3 Bxc3 10. Qxc3 c5 11. dxc5 Nxc5 12. Be2 Bb7 13. b4 Nce4 14. Qd4 Rc8
15. Bb2 Qe7 16. Rac1 Rfd8 17. h3 h6 18. Nh4 Rxc1 19. Rxc1 Rc8 20. Rf1 Nd6 21.
Bd3 Nfe8 22. Qg4 Qg5 23. Qxg5 hxg5 24. Nf3 f6 25. a4 Nc4 26. Bd4 Ned6 27. Ra1
Bc6 28. h4 gxh4 29. Nxh4 Bd7 30. Ng6 Kf7 31. Nf4 Bc6 32. Bg6+ Ke7 33. f3 Ne5
34. a5 Nxg6 35. Nxg6+ Kf7 36. Nf4 g5 37. Ne2 Nc4 38. axb6 axb6 39. Ra7+ Ke6 40.
f4 b5 41. g4 f5 42. Rg7 fxg4 43. Rxg5 Be8 44. f5+ Ke7 45. Nf4 Bf7 46. f6+ Ke8
47. Nxd5 Nd6 48. Re5+ Kd8 49. Nc3 Bc4 50. Re7 Rc6 51. e4 Ra6 52. Kf2 Nf7 53.
Kg3 Rd6 54. Nd5 Bxd5 55. exd5 Nh6 56. Kf4 Rxd5 57. Bb6+ Kc8 58. Ke4 Rd6 59.
Re8+ Kd7 60. Rd8+ Ke6 61. Rxd6+ Kxd6 62. Be3 Nf7 63. Kf5 Kd5 64. Bf4 Nd8 65.
Kxg4 Ke6 66. Kg5 Kf7 67. Be5 Ke6 68. Bc7 Nf7+ 69. Kg6 Nh8+ 70. Kg7 Nf7 71. Bf4
Nd8 72. Be3 Nf7 73. Bc5 Ne5 74. Be7 Nf7 75. Kf8 Ne5 76. Kg8 Nf7 77. Kg7 Ne5 78.
Kf8 Nd7+ 79. Kg7 Ne5 80. Bc5 Nf7 81. Bd4 Ng5 82. Kf8 Nh7+ 83. Ke8 Ng5 84. Kd8
Kd5 85. Be3 Nh7 86. Ke7 Kc4 87. Bc5 Kd5 88. f7 1-0

[Event "RA Fall op"]
[Site "Ottawa CAN"]
[Date "2022.09.23"]
[Round "2"]
[White "Sharma, Vishruth"]
[Black "Rodrigue-Lemieux, Shawn"]
[Result "0-1"]
[WhiteElo "2165"]
[BlackElo "2543"]
[PlyCount "84"]
[EventDate "2022.09.23"]
[EventType "swiss"]
[EventRounds "5"]
[EventCountry "CAN"]

1. e4 c6 2. d4 d5 3. e5 Bf5 4. h4 h5 5. Bd3 Bxd3 6. Qxd3 Qa5+ 7. Bd2 Qa6 8.
Qxa6 Nxa6 9. Nf3 e6 10. c3 Ne7 11. b4 Nb8 12. Na3 a5 13. Nc2 axb4 14. cxb4 Ra4
15. Ng1 Nf5 16. Ne2 Nd7 17. Nc3 Ra8 18. a4 Nb6 19. a5 Nc4 20. Na4 f6 21. Bc3
fxe5 22. dxe5 d4 23. Nxd4 Nxd4 24. Bxd4 Bxb4+ 25. Ke2 O-O 26. Rhb1 Bxa5 27.
Rxb7 Rad8 28. Bc5 Rf5 29. Kf1 Rxe5 30. Be7 Rd2 31. Nc5 Ree2 32. Nd3 Re4 33. Rd7
Bc3 34. Ra8+ Kh7 35. f3 Rd4 36. Rxd4 Ne3+ 37. Kg1 Bxd4 38. Nb4 Ng4+ 39. Kf1
Rf2+ 40. Ke1 Bc3+ 41. Kd1 Ne3+ 42. Kc1 Rf1# 0-1

[Event "RA Fall op"]
[Site "Ottawa CAN"]
[Date "2022.09.23"]
[Round "2"]
[White "Simic, Dusan"]
[Black "Chiku-Ratte, Olivier-Kenta"]
[Result "0-1"]
[WhiteElo "2144"]
[BlackElo "2458"]
[PlyCount "74"]
[EventDate "2022.09.23"]
[EventType "swiss"]
[EventRounds "5"]
[EventCountry "CAN"]

1. e4 c6 2. Nc3 d5 3. Nf3 dxe4 4. Nxe4 Nf6 5. Nxf6+ exf6 6. d4 Bd6 7. Be3 O-O
8. Qd2 Re8 9. Be2 Nd7 10. O-O Nf8 11. Rfe1 Ng6 12. Rad1 Bc7 13. d5 cxd5 14. Bb5
Re7 15. Bc5 Rxe1+ 16. Rxe1 Bd7 17. Bxd7 Qxd7 18. c4 Nf4 19. Be3 Nxg2 20. Kxg2
Qg4+ 21. Kf1 Qxf3 22. Qxd5 Qxd5 23. cxd5 Bd6 24. h3 Kf8 25. Bd4 a6 26. Rc1 Ke7
27. Ke2 Kd7 28. Rg1 Bf8 29. Rd1 Rc8 30. Rd3 f5 31. Rf3 g6 32. Rb3 b5 33. Rd3
Bd6 34. Kf3 Rc2 35. Ke3 h5 36. Kf3 g5 37. Kg2 g4 0-1

[Event "RA Fall op"]
[Site "Ottawa CAN"]
[Date "2022.09.23"]
[Round "2"]
[White "Xu, Daniel"]
[Black "Labib, Daniel"]
[Result "1-0"]
[WhiteElo "2241"]
[BlackElo "2022"]
[PlyCount "115"]
[EventDate "2022.09.23"]
[EventType "swiss"]
[EventRounds "5"]
[EventCountry "CAN"]

1. e4 e5 2. Nf3 Nc6 3. Bb5 a6 4. Ba4 Nf6 5. O-O Be7 6. Re1 b5 7. Bb3 O-O 8. h3
Bb7 9. d3 d5 10. exd5 Nxd5 11. Nbd2 Qd7 12. Nf1 Bf6 13. Ng3 Rfe8 14. c3 Na5 15.
Bc2 c5 16. Ne4 Qc7 17. c4 bxc4 18. dxc4 Nxc4 19. Qd3 Ncb6 20. Bg5 Bxg5 21.
Nfxg5 Nb4 22. Qg3 Nxc2 23. Nf6+ Kh8 24. Nxe8 Rxe8 25. Qd3 g6 26. Qxc2 Nd5 27.
Rac1 Nf4 28. f3 f5 29. Qc3 Kg7 30. Qxc5 Qxc5+ 31. Rxc5 Re7 32. Rc4 Kf6 33. h4
h6 34. g3 Nd3 35. Re3 Nxb2 36. Rb4 hxg5 37. hxg5+ Kxg5 38. f4+ Kg4 39. Rxb2 Rh7
40. Rh2 Rxh2 41. Kxh2 exf4 42. Rb3 fxg3+ 43. Rxg3+ Kh5 44. Rh3+ Kg5 45. Rg3+
Kf6 46. Rb3 Bd5 47. Rb6+ Kg5 48. Rxa6 Be4 49. a4 f4 50. a5 Kh5 51. Re6 Ba8 52.
a6 g5 53. a7 g4 54. Re8 g3+ 55. Kh3 Bf3 56. a8=Q Bxa8 57. Rxa8 Kg5 58. Rf8 1-0

[Event "RA Fall op"]
[Site "Ottawa CAN"]
[Date "2022.09.24"]
[Round "3"]
[White "Azar, Sebastien"]
[Black "Qin, Joey"]
[Result "0-1"]
[WhiteElo "2031"]
[BlackElo "2492"]
[PlyCount "76"]
[EventDate "2022.09.23"]
[EventType "swiss"]
[EventRounds "5"]
[EventCountry "CAN"]

1. e4 c5 2. Nf3 d6 3. d4 cxd4 4. Nxd4 Nf6 5. Nc3 a6 6. f3 e5 7. Nb3 Be6 8. Be3
Nbd7 9. Qd2 Be7 10. g4 Nb6 11. O-O-O Rc8 12. Kb1 Nfd7 13. Na5 Qc7 14. Be2 O-O
15. Ka1 Rfd8 16. h4 Nc5 17. Nb3 Nca4 18. Nxa4 Nxa4 19. Bd3 d5 20. Qa5 Qc6 21.
exd5 Bxd5 22. Bf5 Bxf3 23. Bxc8 Bxd1 24. Re1 Nxb2 25. Bxb7 Qxc2 26. Be4 Qxe4
27. Bd4 Qxg4 28. Qxe5 Bf8 29. Bxb2 Bc2 30. Nd4 Bg6 31. Rh1 Qe4 32. Re1 Qxh4 33.
Nc6 Rc8 34. Rc1 Ra8 35. Nd4 Qe4 36. Qa5 Rb8 37. Re1 Qb7 38. Qc3 Bb4 0-1

[Event "RA Fall op"]
[Site "Ottawa CAN"]
[Date "2022.09.24"]
[Round "3"]
[White "Chiku-Ratte, Olivier-Kenta"]
[Black "Xu, Daniel"]
[Result "1-0"]
[WhiteElo "2458"]
[BlackElo "2241"]
[PlyCount "71"]
[EventDate "2022.09.23"]
[EventType "swiss"]
[EventRounds "5"]
[EventCountry "CAN"]

1. d4 Nf6 2. c4 g6 3. Nc3 Bg7 4. e4 d6 5. f4 O-O 6. Nf3 c5 7. d5 e6 8. Be2 exd5
9. cxd5 Bg4 10. O-O Nbd7 11. h3 Bxf3 12. Bxf3 Re8 13. g4 h6 14. Qc2 a6 15. Be3
b5 16. Rae1 Rc8 17. h4 Nb6 18. g5 Nfd7 19. e5 dxe5 20. f5 hxg5 21. fxg6 fxg6
22. Bxg5 Qc7 23. Qxg6 Nf8 24. Qf5 b4 25. Ne4 Nxd5 26. Bh5 Qc6 27. Qf7+ Kh8 28.
Nf6 Nxf6 29. Bxf6 Ne6 30. Rxe5 Rf8 31. Qg6 Bxf6 32. Qh6+ Kg8 33. Rxf6 Rxf6 34.
Qxf6 Ng7 35. Bf7+ Kh7 36. Re6 1-0

[Event "RA Fall op"]
[Site "Ottawa CAN"]
[Date "2022.09.24"]
[Round "3"]
[White "Hansen, Troy"]
[Black "Rusonik, Max"]
[Result "1/2-1/2"]
[WhiteElo "1973"]
[BlackElo "2279"]
[PlyCount "106"]
[EventDate "2022.09.23"]
[EventType "swiss"]
[EventRounds "5"]
[EventCountry "CAN"]

1. e4 c5 2. Nf3 d6 3. c3 Nf6 4. Be2 g6 5. O-O Bg7 6. Re1 O-O 7. Bf1 Nc6 8. h3
e5 9. d4 cxd4 10. cxd4 exd4 11. Nxd4 d5 12. Nxc6 bxc6 13. Nc3 Rb8 14. Qa4 Nxe4
15. Nxe4 dxe4 16. Qxa7 Bf5 17. Be3 Rxb2 18. a4 Qb8 19. Qc5 Rc8 20. a5 Bf8 21.
Qc1 c5 22. a6 Rb6 23. Ra5 Qa7 24. Qa3 Rc7 25. Rd1 Kg7 26. Qc1 Kg8 27. Bxc5 Rxc5
28. Rxc5 Rxa6 29. Rc7 Qb6 30. Bxa6 Qxa6 31. Rd8 Qf6 32. Ra8 Kg7 33. Qa1 Qxa1+
34. Rxa1 Bd6 35. Rb7 Bc5 36. Rc1 Bd4 37. Rc4 Be5 38. Ra7 h5 39. Ra5 Kf6 40.
Rc6+ Be6 41. Ra4 Kf5 42. Rc5 f6 43. g4+ hxg4 44. hxg4+ Kf4 45. g5 fxg5 46. Raa5
Bd4 47. Rxg5 Bf5 48. Rg3 e3 49. fxe3+ Bxe3+ 50. Kh2 Bb6 51. Ra4+ Ke5 52. Rxg6
Bxg6 53. Ra6 Bc7 1/2-1/2

[Event "RA Fall op"]
[Site "Ottawa CAN"]
[Date "2022.09.24"]
[Round "3"]
[White "Hughes-Dupuy, Henry"]
[Black "Latorre, Vincent"]
[Result "0-1"]
[WhiteElo "1868"]
[BlackElo "2153"]
[PlyCount "58"]
[EventDate "2022.09.23"]
[EventType "swiss"]
[EventRounds "5"]
[EventCountry "CAN"]

1. e4 g6 2. d4 Bg7 3. Nf3 d6 4. Bc4 e6 5. O-O Ne7 6. Bb3 O-O 7. h4 h6 8. Bf4 a6
9. Qd2 Kh7 10. c3 Nbc6 11. Bc2 e5 12. Be3 f5 13. g3 fxe4 14. Nh2 d5 15. h5 exd4
16. cxd4 Nf5 17. hxg6+ Kxg6 18. Nc3 Ncxd4 19. Bd1 c5 20. Bf4 b5 21. Bg4 h5 22.
Bxh5+ Kxh5 23. Qd1+ Kg6 24. Qg4+ Kh7 25. Qh5+ Kg8 26. Ng4 Qe8 27. Qxe8 Rxe8 28.
Nxd5 Rf8 29. Kg2 Bb7 0-1

[Event "RA Fall op"]
[Site "Ottawa CAN"]
[Date "2022.09.24"]
[Round "3"]
[White "Liang, Jason"]
[Black "Xu, Daniel"]
[Result "1/2-1/2"]
[WhiteElo "2515"]
[BlackElo "2241"]
[PlyCount "100"]
[EventDate "2022.09.23"]
[EventType "swiss"]
[EventRounds "5"]
[EventCountry "CAN"]

1. b3 Nf6 2. Bb2 g6 3. Nf3 Bg7 4. g3 O-O 5. Bg2 d6 6. d4 e5 7. dxe5 Nfd7 8. O-O
dxe5 9. e4 Nc6 10. Nc3 Nf6 11. h3 h6 12. Qe2 Be6 13. Rad1 Qc8 14. Kh2 Rd8 15.
Rxd8+ Qxd8 16. Rd1 Nd7 17. Nd5 Rc8 18. c3 Ncb8 19. Nd2 Bf8 20. Ne3 c6 21. Bc1
b5 22. Kh1 Qc7 23. Rf1 f6 24. f4 Bf7 25. h4 Re8 26. h5 exf4 27. hxg6 fxe3 28.
gxf7+ Kxf7 29. Qxe3 Qe5 30. b4 Qh5+ 31. Kg1 Bd6 32. Nf3 Bxg3 33. Qxh6 Qxh6 34.
Bxh6 Kg6 35. Be3 Rxe4 36. Bxa7 Re2 37. Nd4 Rxa2 38. Be4+ Kf7 39. Bxb8 Nxb8 40.
Nxc6 Ra3 41. Bd5+ Kg7 42. Nd4 Rxc3 43. Nxb5 Rd3 44. Bc4 Rd2 45. Rf3 Be5 46. Rf2
Rd1+ 47. Rf1 Rxf1+ 48. Kxf1 Nc6 49. Bd5 Nxb4 50. Be4 Na6 1/2-1/2

[Event "RA Fall op"]
[Site "Ottawa CAN"]
[Date "2022.09.24"]
[Round "3"]
[White "Rodrigue-Lemieux, Shawn"]
[Black "Cortes Orihuela, Javier"]
[Result "1-0"]
[WhiteElo "2543"]
[BlackElo "2253"]
[PlyCount "95"]
[EventDate "2022.09.23"]
[EventType "swiss"]
[EventRounds "5"]
[EventCountry "CAN"]

1. a3 g6 2. d4 Nf6 3. Nf3 Bg7 4. e3 O-O 5. Be2 d6 6. O-O Nbd7 7. c4 e5 8. Nc3
Re8 9. b4 e4 10. Nd2 Nf8 11. Qc2 Bf5 12. Bb2 h5 13. Rfc1 Ne6 14. Nf1 h4 15. h3
Ng5 16. Nh2 Qd7 17. Bf1 Ngh7 18. Qd1 g5 19. Be2 Bf8 20. d5 a6 21. a4 Bg7 22. a5
Nf8 23. c5 Ng6 24. c6 bxc6 25. dxc6 Qc8 26. b5 Ne5 27. b6 cxb6 28. Na4 b5 29.
Nb6 Qc7 30. Nxa8 Rxa8 31. Bd4 Nxc6 32. Bxf6 Bxf6 33. Qd5 Be6 34. Qxe4 d5 35.
Qb1 Bxa1 36. Qxa1 Qe5 37. Qa3 Rc8 38. Nf3 Qf6 39. Qd6 Rd8 40. Qc7 Nb8 41. Nd4
Nd7 42. Rc6 Ne5 43. Rxa6 Rd7 44. Qb8+ Rd8 45. Qc7 Rd7 46. Ra8+ Kh7 47. Qc2+ Kh6
48. Bxb5 1-0

[Event "RA Fall op"]
[Site "Ottawa CAN"]
[Date "2022.09.24"]
[Round "3"]
[White "Sambuev, Bator"]
[Black "Adam, Rafael"]
[Result "1-0"]
[WhiteElo "2524"]
[BlackElo "2138"]
[PlyCount "71"]
[EventDate "2022.09.23"]
[EventType "swiss"]
[EventRounds "5"]
[EventCountry "CAN"]

1. d4 Nf6 2. c4 e6 3. Nc3 Bb4 4. e3 O-O 5. Bd3 d5 6. Nf3 c5 7. O-O Nc6 8. cxd5
exd5 9. Ne5 Re8 10. Nxc6 bxc6 11. Ne2 cxd4 12. Nxd4 Bd7 13. Bf5 c5 14. Bxd7
Qxd7 15. Nf3 Ne4 16. Qd3 Red8 17. Bd2 Bxd2 18. Nxd2 Nf6 19. Rac1 Rac8 20. Rc2
Qd6 21. h3 Qb6 22. Rfc1 Rc6 23. Qa3 Rdc8 24. Qd3 Rd8 25. Qf5 g6 26. Qf4 Re8 27.
Qg5 Kg7 28. Nb3 h6 29. Qf4 Ne4 30. Nxc5 Rec8 31. Qe5+ Kg8 32. Nxe4 Rxc2 33.
Rxc2 Rxc2 34. Nf6+ Kg7 35. Nxd5+ f6 36. Qe7+ 1-0